Chraňte si své informace
Dôležitým nástrojom moderného podnikania v podmienkach konkurenčného zápasu sú informácie, poznatky a údaje dôležité pre podnikateľskú činnosť. Profesionalita zaobchádzania s nimi si vyžaduje nielen vedieť ako ich efektívne získavať a využívať, ale aj ako ich ochrániť pred zneužitím, najmä pred konk...
Guardado en:
| Formato: | Capítulo de libro |
|---|---|
| Lenguaje: | checo |
| Materias: | |
| Etiquetas: |
Sin Etiquetas, Sea el primero en etiquetar este registro!
|
MARC
| LEADER | 00000naa a2200000 4500 | ||
|---|---|---|---|
| 001 | r000743 | ||
| 005 | 20221213082414.8 | ||
| 041 | 0 | |a cze | |
| 044 | |a CZ | ||
| 245 | 1 | 0 | |a Chraňte si své informace |
| 520 | |a Dôležitým nástrojom moderného podnikania v podmienkach konkurenčného zápasu sú informácie, poznatky a údaje dôležité pre podnikateľskú činnosť. Profesionalita zaobchádzania s nimi si vyžaduje nielen vedieť ako ich efektívne získavať a využívať, ale aj ako ich ochrániť pred zneužitím, najmä pred konkurenciou. | ||
| 610 | 2 | 0 | |a podnikanie |
| 610 | 2 | 0 | |a konkurencia |
| 610 | 2 | 0 | |a informácie |
| 610 | 2 | 0 | |a informácie vnútropodnikové |
| 610 | 2 | 0 | |a ochrana dát |